|
|
|
|
| LEADER |
01361nmm a2200361 a 4500 |
| 001 |
000922149 |
| 003 |
CZ BrMZK |
| 005 |
20090227080557.0 |
| 008 |
081124s1995 xr e h |||||||cze d |
| 020 |
|
|
|q (1. díl :
|q CDR)
|
| 040 |
|
|
|a BOA001
|b cze
|
| 072 |
|
7 |
|a 615.8
|x Fyzioterapie. Psychoterapie. Alternativní lékařství
|2 Konspekt
|9 14
|
| 080 |
|
|
|a 616-022.6/.7
|2 MRF
|
| 080 |
|
|
|a 615.918/.919+615.372
|2 MRF
|
| 080 |
|
|
|a 615.8:615.279
|2 MRF
|
| 080 |
|
|
|a 615.8
|2 MRF
|
| 080 |
|
|
|a (086.76)
|2 MRF
|
| 100 |
1 |
|
|a Jonáš, Josef,
|d 1945-2025
|7 jn19981001580
|4 aut
|
| 245 |
1 |
0 |
|a Opouzdřená infekční ložiska - zdroj toxinů.
|n 1. díl
|h [zvukový záznam] /
|c Josef Jonáš
|
| 260 |
|
|
|a Praha :
|b Institut celostní medicíny,
|c 2008
|
| 300 |
|
|
|a 1 zvuková deska :
|b digital, stereo ;
|c 12 cm
|
| 500 |
|
|
|a Kompaktní deska
|
| 500 |
|
|
|a 1 audio stopa 60 min.
|
| 650 |
0 |
7 |
|a infekce
|7 ph134832
|2 czenas
|
| 650 |
0 |
7 |
|a toxiny
|7 ph116470
|2 czenas
|
| 650 |
0 |
7 |
|a detoxikace organismu
|7 ph134741
|2 czenas
|
| 650 |
0 |
7 |
|a alternativní terapie
|7 ph137043
|2 czenas
|
| 653 |
0 |
|
|a opouzdřená infekční ložiska
|
| 655 |
|
7 |
|a kompaktní desky
|7 fd201991
|2 czenas
|
| 910 |
2 |
|
|a BOA001
|b CDR-1215.040
|
| 990 |
|
|
|a CF
|
| 991 |
|
|
|b 200902
|
| 996 |
6 |
|
|b 2610360532
|c CDR-1215.040
|d 1. díl
|v 1
|l Stud. periodik/2.patro
|r Sklad / do 1 hodiny
|n 2
|p p.v.
|w 000922149
|u 000010
|a 1
|e BOA001
|j MZK50
|s P
|